000 00413nam a2200169Ia 4500
008 230524s9999 xx 000 0 und d
082 _a650
_bSHE
100 _aAshok Sehgal
245 0 _aFundamentals of Financial Accounting
250 _a5TH
260 _aNEW DELHI
_bTaxmann
_c2006
300 _aX;1153
500 _aQuantity Number: 20
650 _aManagement
700 _a Deepak Sehgal
942 _cBK
999 _c40035
_d40035